| 000 | 00957nam a22003257a 4500 | ||
|---|---|---|---|
| 003 | CHAP | ||
| 005 | 20220329141328.0 | ||
| 008 | 971013s r 00010 d | ||
| 010 | _a66481 | ||
| 011 | _a67453 | ||
| 035 | _a76923 | ||
| 040 | _cCHAP | ||
| 090 | _aFolleto 11339 | ||
| 100 | 0 | 0 |
_aLancaster, Frederick Wilfrid. _964621 |
| 245 | _aVocabulary control in information retrieval systems | ||
| 260 |
_a[s.l.] : _b[s.n.], _c[19--] |
||
| 300 | _a40 p. | ||
| 500 | _a28-93 | ||
| 500 | _aFotocopia | ||
| 590 |
_aBATCH-UPD _b10 _c20130110 _lUCH01 _h0130 |
||
| 590 |
_aBATCH-UPD _b10 _c20130110 _lUCH01 _h1303 |
||
| 590 |
_aBATCH-UPD _b10 _c20130410 _lUCH01 _h0820 |
||
| 590 |
_aBATCH-UPD _b10 _c20130914 _lUCH01 _h1713 |
||
| 590 |
_aCONVERSION _b10 _c20130109 _lUCH01 _h1337 |
||
| 650 | 1 | 4 |
_aSistemas de información. _9106760 |
| 650 | 1 | 4 |
_aTesauros. _9112457 |
| 901 | _aBK | ||
| 942 | _cFOLL | ||
| 949 |
_aFolleto 11339 _bBC _cFOLL _d-29782 _eTS1 _i76923 _si |
||
| 999 |
_c66481 _d66481 |
||